00568nam a2200193 a 4500008004100000020002200041100001600063245009700079250001900176260002900195300002600224500003600250500002000286650002300306700001800329003000100347005001700348040000900365  a071953951X (pbk.)1 aStark, J.G.10aChemistry data book /ccompiled by J. G. Stark, H. G. Wallace ; foreword by M. L. McGlashan. a2nd ed.bin SI aLondon :bMurray,c1982. axiv, 112 p. ;c22 cm. aDistributor from label on t.-p. aIncludes index. 0aChemistryvTables.1 aWallace, H.G.20230123133210.0 cNUST